000 00889cab a2200217 4500
001 X88041
008 090401t1997 xxu||||| |||| 00| 0 eng d
035 _a(Sirsi) u82423
041 _aeng
245 _aMount Eden Land Ltd v Prudential Assurance Company Ltd
260 _c1997
350 _a0
490 _aProperty, planning & compensation reports
_v(1997) 74 P&CR 377-383(7)
520 _aCA 12 November 1996. Landlord and tenant - covenant for written consent before external alterations - consent given by letter `subject to licence` - works carried out - section 146 notice issued - whether written consent given - effect of words `subject to licence` - HEADNOTE
650 _aLANDLORD AND TENANT
_96252
650 _aMOUNT EDEN LAND V PRUDENTIAL ASSURANCE
650 _aSUBJECT TO LICENCE
690 _aLANDLORD AND TENANT-CASE LAW
942 _n0
948 _c01/12/1997
999 _c52042
_d52042